Discrete mathematics [cd] (Record no. 322662)
[ view plain ]
| 000 -LEADER | |
|---|---|
| fixed length control field | 00322 a2200133 4500 |
| 001 - CONTROL NUMBER | |
| control field | 87589 |
| 082 ## - DEWEY DECIMAL CLASSIFICATION NUMBER | |
| Classification number | N-3583 |
| 090 ## - LOCALLY ASSIGNED LC-TYPE CALL NUMBER (OCLC); LOCAL CALL NUMBER (RLIN) | |
| -- | 41049 |
| -- | 41049 |
| 100 ## - MAIN ENTRY--PERSONAL NAME | |
| Personal name | Shoaib, Dr |
| 245 ## - TITLE STATEMENT | |
| Title | Discrete mathematics [cd] |
| Name of part/section of a work | CAE7 CDs set |
| Remainder of title | MTH202 |
| 260 ## - PUBLICATION, DISTRIBUTION, ETC. | |
| Place of publication, distribution, etc. | Lahore |
| Name of publisher, distributor, etc. | 2005 |
| Date of publication, distribution, etc. | Virtual University |
| 500 ## - GENERAL NOTE | |
| General note | CD/DVD |
| 520 ## - SUMMARY, ETC. | |
| Summary, etc. | video library |
| 942 ## - ADDED ENTRY ELEMENTS (KOHA) | |
| Institution code [OBSOLETE] | CAE NUST |
| Call number prefix | N-3583 |
| Withdrawn status | Lost status | Damaged status | Not for loan | Collection code | Permanent Location | Current Location | Date acquired | Total Checkouts | Full call number | Barcode | Date last seen | Price effective from | Koha item type |
|---|---|---|---|---|---|---|---|---|---|---|---|---|---|
| College of Aeronautical Engineering (CAE) | College of Aeronautical Engineering (CAE) | 04/03/2017 | N-3583 | CAEN-3583 | 04/05/2017 | 04/05/2017 | Book | ||||||
| College of Aeronautical Engineering (CAE) | College of Aeronautical Engineering (CAE) | 04/03/2017 | N-3583 | CAEN-3583/6 | 04/05/2017 | 04/05/2017 | Book | ||||||
| College of Aeronautical Engineering (CAE) | College of Aeronautical Engineering (CAE) | 04/03/2017 | N-3583 | CAEN-3583/5 | 04/05/2017 | 04/05/2017 | Book | ||||||
| College of Aeronautical Engineering (CAE) | College of Aeronautical Engineering (CAE) | 04/03/2017 | N-3583 | CAEN-3583/4 | 04/05/2017 | 04/05/2017 | Book | ||||||
| College of Aeronautical Engineering (CAE) | College of Aeronautical Engineering (CAE) | 04/03/2017 | N-3583 | CAEN-3583/3 | 04/05/2017 | 04/05/2017 | Book | ||||||
| College of Aeronautical Engineering (CAE) | College of Aeronautical Engineering (CAE) | 04/03/2017 | N-3583 | CAEN-3583/2 | 04/05/2017 | 04/05/2017 | Book | ||||||
| College of Aeronautical Engineering (CAE) | College of Aeronautical Engineering (CAE) | 04/03/2017 | N-3583 | CAEN-3583/1 | 04/05/2017 | 04/05/2017 | Book |
